| 000 | 00738nam a2200241Ia 4500 | ||
|---|---|---|---|
| 003 | BUBTL | ||
| 008 | 151213s9999 xx 000 0 und d | ||
| 020 | _a984ব8430008 | ||
| 041 | _aবাংলা | ||
| 082 | _a346.022/ Si134l/ 1986 | ||
| 100 |
_aসিদ্দিক, এ. বি. _95242 |
||
| 245 |
_aচুক্তি আইন/ _cএ. বি. সিদ্দিক |
||
| 250 | _a১ম সং | ||
| 260 |
_aঢাকা _bকামরুল বকু হাউস _cc1986 |
||
| 300 |
_a350 p. : _bill. 22 cm. |
||
| 526 | _aLaw | ||
| 650 | _aLaw | ||
| 650 | _a | ||
| 700 |
_aএ. বি. সিদ্দিক _95243 |
||
| 856 |
_k0 _l0 _yDownload |
||
| 942 |
_2ddc _cBK |
||
| 999 |
_c3175 _d3175 |
||